|
ห้องสมุดวิทยาลัยพยาบาลบรมราชชนนี ตรัง |
|
แสดงรายละเอียดบรรณานุกรม |
|
|
Brief Record
: Get Marc (ISO 2709)
: E-mail record
: |
|
|
| LEADER 00000nam 2200000uu 4500 | |||
| 001 13399123892 | |||
| 003 BCNT | |||
| 008 260629s||||||||th 000 0 tha d | |||
| 020 9786161153410 | |||
| 040 BCNT | |||
| 050 4 WY100 อ253ค 2567 ล.1 | |||
| 060 4 WY100 อ253ค 2567 ล.1 | |||
| 100 0 ^aอภิญญา เพียรพิจารณ์. | |||
| 245 1 ^aคู่มือปฏิบัติการพยาบาล.^nเล่ม 1 /^cอภิญญา เพียรพิจารณ์. | |||
| 250 พิมพ์ครั้งที่ 2 (ฉบับปรับปรุงครั้งที่ 2). | |||
| 260 นนทบุรี :^bโครงการสวัสดิการวิชาการ สถาบันพระบรมราชชนก,^c2567. | |||
| 300 ^aก-ฏ, 229 หน้า :^bภาพประกอบ. | |||
| 610 2 ^aการพยาบาลพื้นฐาน. | |||
| 650 4 ^aการพยาบาล^vคู่มือปฏิบัติการ | |||
| 655 4 ^aHealth Sciences Branch. | |||
| 710 2 ^aสถาบันพระบรมราชชนก.^bโครงการสวัสดิการวิชาการ. | |||
| 999 ^aparamin | |||
| คุณยังไม่ได้ล็อกอิน คุณสามารถมีกิจกรรมร่วมกับเว็บไซต์ได้ แต่ต้องล็อกอินก่อน :: |
|
| สถานะ | |||||||||
| 1. | หนังสือ | WY100 อ253ค 2567 ล.1 c.1 | ►ระบบ NLM | On Shelf | |||||
| 2. | หนังสือ | WY100 อ253ค 2567 ล.1 c.2 | ►ระบบ NLM | On Shelf | |||||
| 3. | หนังสือ | WY100 อ253ค 2567 ล.1 c.3 | ►ระบบ NLM | On Shelf | |||||
| 4. | หนังสือ | WY100 อ253ค 2567 ล.1 c.4 | ►ระบบ NLM | On Shelf | |||||
| 5. | หนังสือ | WY100 อ253ค 2567 ล.1 c.5 | ►ระบบ NLM | On Shelf | |||||
| [แสดง 5/5 รายการ] | |||||||||
BibComment |
| คอมเมนท์ทรัพยากรรายการนี้ |
|
|